[Event "World Chess Olympiad 2018"]
[Site "Batumi"]
[Date "2018.09.27"]
[Round "4"]
[Board "3"]
[WhiteFideId "5300398"]
[White "Tomb Maroun"]
[BlackFideId "15200019"]
[Black "Mueller Leonhard"]
[Result "1/2-1/2"]
[LiveChessVersion "1.4.8"]
[BlackElo "2190"]
[WhiteElo "2177"]

1. e4 {[%clk 1:30:55]} c5 {[%clk 1:30:53]} 2. Ne2 {[%clk 1:31:10]} g6
{[%clk 1:30:29]} 3. Nbc3 {[%clk 1:31:03]} Bg7 {[%clk 1:30:53]} 4. d4
{[%clk 1:31:16]} cxd4 {[%clk 1:31:08]} 5. Nxd4 {[%clk 1:31:33]} Nc6
{[%clk 1:31:27]} 6. Nde2 {[%clk 1:31:52]} Nf6 {[%clk 1:30:22]} 7. g3
{[%clk 1:32:13]} O-O {[%clk 1:29:29]} 8. Bg2 {[%clk 1:32:38]} d6 {[%clk 1:29:47]}
9. O-O {[%clk 1:33:06]} Rb8 {[%clk 1:24:38]} 10. a4 {[%clk 1:33:22]} a6
{[%clk 1:24:58]} 11. Nd5 {[%clk 1:33:33]} Re8 {[%clk 1:21:40]} 12. c3
{[%clk 1:31:20]} b5 {[%clk 1:19:40]} 13. axb5 {[%clk 1:31:40]} axb5
{[%clk 1:19:50]} 14. Nd4 {[%clk 1:30:01]} Nxd4 {[%clk 1:13:37]} 15. Nxf6+
{[%clk 1:29:58]} Bxf6 {[%clk 1:13:28]} 16. cxd4 {[%clk 1:30:19]} Be6
{[%clk 1:04:46]} 17. Be3 {[%clk 1:28:12]} Qd7 {[%clk 1:00:24]} 18. d5
{[%clk 1:16:03]} Bh3 {[%clk 0:59:04]} 19. Ra7 {[%clk 1:16:01]} Qc8
{[%clk 0:58:37]} 20. Qb1 {[%clk 1:08:24]} Bxg2 {[%clk 0:56:41]} 21. Kxg2
{[%clk 1:08:51]} Qc4 {[%clk 0:53:12]} 22. b3 {[%clk 1:08:26]} Qb4
{[%clk 0:51:46]} 23. Rc1 {[%clk 1:08:05]} Rec8 {[%clk 0:50:49]} 24. Rcc7
{[%clk 1:02:57]} Rxc7 {[%clk 0:47:54]} 25. Rxc7 {[%clk 1:03:24]} h5
{[%clk 0:48:01]} 26. Qc2 {[%clk 1:01:47]} Qe1 {[%clk 0:34:01]} 27. Ra7
{[%clk 0:32:02]} h4 {[%clk 0:24:44]} 28. gxh4 {[%clk 0:30:51]} Bxh4
{[%clk 0:21:59]} 29. e5 {[%clk 0:24:04]} Qb4 {[%clk 0:17:43]} 30. Kh3
{[%clk 0:13:21]} Kg7 {[%clk 0:11:39]} 31. Qd2 {[%clk 0:10:25]} Qxd2
{[%clk 0:08:04]} 32. Bxd2 {[%clk 0:10:51]} Rh8 {[%clk 0:08:28]} 33. Kg2
{[%clk 0:10:40]} dxe5 {[%clk 0:08:50]} 34. Rb7 {[%clk 0:08:49]} 1/2-1/2

[Event "World Chess Olympiad 2018"]
[Site "Batumi"]
[Date "2018.09.27"]
[Round "4"]
[Board "4"]
[WhiteFideId "15200051"]
[White "Eichab Charles"]
[BlackFideId "5300150"]
[Black "Kassis Antoine"]
[Result "1/2-1/2"]
[LiveChessVersion "1.4.8"]
[BlackElo "2173"]
[WhiteElo "2016"]

1. b3 {[%clk 1:30:36]} e5 {[%clk 1:30:52]} 2. Bb2 {[%clk 1:30:44]} Nc6
{[%clk 1:31:15]} 3. e3 {[%clk 1:31:07]} d5 {[%clk 1:31:37]} 4. Bb5
{[%clk 1:31:14]} f6 {[%clk 1:32:00]} 5. Ne2 {[%clk 1:26:50]} Nge7
{[%clk 1:28:21]} 6. O-O {[%clk 1:25:40]} Be6 {[%clk 1:26:35]} 7. d4
{[%clk 1:22:39]} e4 {[%clk 1:12:56]} 8. c4 {[%clk 1:19:32]} a6 {[%clk 1:12:31]}
9. Bxc6+ {[%clk 1:19:12]} bxc6 {[%clk 1:12:52]} 10. Qc2 {[%clk 1:08:48]} Ng6
{[%clk 1:03:06]} 11. Ba3 {[%clk 0:46:23]} Bxa3 {[%clk 0:52:41]} 12. Nxa3
{[%clk 0:46:48]} Qd6 {[%clk 0:50:39]} 13. cxd5 {[%clk 0:38:02]} cxd5
{[%clk 0:50:59]} 14. Qc5 {[%clk 0:38:17]} Qxc5 {[%clk 0:50:51]} 15. dxc5
{[%clk 0:38:45]} Ne5 {[%clk 0:49:17]} 16. Rac1 {[%clk 0:37:14]} Ke7
{[%clk 0:35:23]} 17. Nd4 {[%clk 0:35:45]} g5 {[%clk 0:31:07]} 18. Rc3
{[%clk 0:27:51]} Nd3 {[%clk 0:23:37]} 19. Nac2 {[%clk 0:22:52]} Rhc8
{[%clk 0:20:50]} 20. Ne1 {[%clk 0:19:05]} Ne5 {[%clk 0:20:20]} 21. Nec2
{[%clk 0:19:24]} Nd3 {[%clk 0:17:05]} 22. Ne1 {[%clk 0:18:59]} Ne5
{[%clk 0:17:23]} 23. Nec2 {[%clk 0:18:39]} Nd3 {[%clk 0:17:49]} 1/2-1/2

[Event "World Chess Olympiad 2018"]
[Site "Batumi"]
[Date "2018.09.27"]
[Round "4"]
[Board "1"]
[WhiteFideId "12100293"]
[White "Nezad Husein Aziz"]
[BlackFideId "14306352"]
[Black "Lima Osvaldo Dos Santos"]
[Result "1-0"]
[LiveChessVersion "1.4.8"]
[BlackElo "1803"]
[WhiteElo "2412"]

1. d4 {[%clk 1:30:53]} Nf6 {[%clk 1:30:26]} 2. c4 {[%clk 1:31:14]} g6
{[%clk 1:30:01]} 3. Nc3 {[%clk 1:31:38]} Bg7 {[%clk 1:30:12]} 4. e4
{[%clk 1:31:59]} d6 {[%clk 1:30:06]} 5. Be2 {[%clk 1:32:07]} Nbd7
{[%clk 1:28:51]} 6. Nf3 {[%clk 1:32:03]} O-O {[%clk 1:28:12]} 7. O-O
{[%clk 1:32:24]} c5 {[%clk 1:27:03]} 8. d5 {[%clk 1:32:18]} Ne8 {[%clk 1:21:41]}
9. Bf4 {[%clk 1:29:44]} f6 {[%clk 1:19:26]} 10. Bg3 {[%clk 1:26:42]} Nb6
{[%clk 1:15:58]} 11. Qd2 {[%clk 1:23:27]} Bg4 {[%clk 1:15:22]} 12. b3
{[%clk 1:21:24]} Nc7 {[%clk 1:13:46]} 13. Rae1 {[%clk 1:18:04]} a5
{[%clk 1:12:46]} 14. a4 {[%clk 1:18:02]} Nd7 {[%clk 1:10:03]} 15. Nh4
{[%clk 1:14:55]} Bxe2 {[%clk 1:09:11]} 16. Rxe2 {[%clk 1:15:18]} Rf7
{[%clk 1:05:04]} 17. f4 {[%clk 1:14:40]} Qf8 {[%clk 0:58:21]} 18. Nf3
{[%clk 1:13:33]} Bh6 {[%clk 0:58:32]} 19. Qe1 {[%clk 1:08:45]} e5
{[%clk 0:46:23]} 20. dxe6 {[%clk 1:06:27]} Nxe6 {[%clk 0:46:43]} 21. Nd5
{[%clk 1:06:31]} Nd4 {[%clk 0:44:28]} 22. Nxd4 {[%clk 1:03:26]} cxd4
{[%clk 0:44:55]} 23. Qd1 {[%clk 1:03:04]} Nc5 {[%clk 0:44:17]} 24. Bf2
{[%clk 0:58:26]} Re8 {[%clk 0:41:50]} 25. Bxd4 {[%clk 0:50:24]} Nxe4
{[%clk 0:42:04]} 26. f5 {[%clk 0:50:11]} Nc5 {[%clk 0:11:07]} 27. fxg6
{[%clk 0:46:45]} hxg6 {[%clk 0:10:45]} 28. Nxf6+ {[%clk 0:44:21]} Rxf6
{[%clk 0:10:12]} 29. Rxf6 {[%clk 0:44:44]} Be3+ {[%clk 0:06:59]} 30. Rxe3
{[%clk 0:44:59]} Qxf6 {[%clk 0:07:00]} 31. Rxe8+ {[%clk 0:44:36]} 1-0

[Event "World Chess Olympiad 2018"]
[Site "Batumi"]
[Date "2018.09.27"]
[Round "4"]
[Board "3"]
[WhiteFideId "12101001"]
[White "Salih Al Hor"]
[BlackFideId "16900049"]
[Black "Espirito Santo Waldyr"]
[Result "0-1"]
[LiveChessVersion "1.4.8"]
[BlackElo "1903"]
[WhiteElo "1847"]

1. c4 {[%clk 1:29:47]} e5 {[%clk 1:29:26]} 2. Nc3 {[%clk 1:29:58]} Nf6
{[%clk 1:29:09]} 3. g3 {[%clk 1:28:35]} Be7 {[%clk 1:28:46]} 4. Bg2
{[%clk 1:28:47]} c6 {[%clk 1:29:02]} 5. d4 {[%clk 1:28:06]} exd4 {[%clk 1:26:22]}
6. Qxd4 {[%clk 1:28:17]} O-O {[%clk 1:26:23]} 7. Bf4 {[%clk 1:20:49]} Na6
{[%clk 1:24:56]} 8. e4 {[%clk 1:18:59]} Bc5 {[%clk 1:22:55]} 9. Qd2
{[%clk 1:19:10]} Ng4 {[%clk 1:17:12]} 10. Nh3 {[%clk 1:18:23]} d6
{[%clk 1:12:13]} 11. O-O {[%clk 1:18:02]} Be6 {[%clk 1:11:18]} 12. b3
{[%clk 1:12:35]} h6 {[%clk 1:08:34]} 13. Rfd1 {[%clk 1:09:29]} Ne5
{[%clk 1:08:44]} 14. a3 {[%clk 1:06:04]} Bxh3 {[%clk 0:58:20]} 15. Bxh3
{[%clk 1:05:40]} Nf3+ {[%clk 0:58:21]} 16. Kh1 {[%clk 1:05:19]} Nxd2
{[%clk 0:58:32]} 17. Rxd2 {[%clk 1:05:41]} Qf6 {[%clk 0:56:17]} 18. e5
{[%clk 1:03:27]} dxe5 {[%clk 0:55:40]} 19. Ne4 {[%clk 1:03:41]} Qg6
{[%clk 0:55:25]} 20. Nxc5 {[%clk 1:02:59]} Nxc5 {[%clk 0:55:40]} 0-1

[Event "World Chess Olympiad 2018"]
[Site "Batumi"]
[Date "2018.09.27"]
[Round "4"]
[Board "1"]
[WhiteFideId "8800081"]
[White "Black Richard"]
[BlackFideId "14800098"]
[Black "Paiva Donaldo"]
[Result "0-1"]
[LiveChessVersion "1.4.8"]
[BlackElo "2206"]
[WhiteElo "2218"]

1. e4 {[%clk 1:30:59]} c5 {[%clk 1:30:51]} 2. Nf3 {[%clk 1:31:18]} d6
{[%clk 1:31:15]} 3. d4 {[%clk 1:31:45]} cxd4 {[%clk 1:31:40]} 4. Nxd4
{[%clk 1:32:13]} Nf6 {[%clk 1:32:03]} 5. Nc3 {[%clk 1:32:41]} a6 {[%clk 1:32:27]}
6. Bg5 {[%clk 1:32:43]} e6 {[%clk 1:32:50]} 7. f4 {[%clk 1:32:50]} Be7
{[%clk 1:33:12]} 8. Qf3 {[%clk 1:32:56]} Qc7 {[%clk 1:33:34]} 9. O-O-O
{[%clk 1:33:03]} Nbd7 {[%clk 1:33:59]} 10. g4 {[%clk 1:33:14]} b5
{[%clk 1:34:17]} 11. Bxf6 {[%clk 1:33:37]} Nxf6 {[%clk 1:34:39]} 12. g5
{[%clk 1:34:02]} Nd7 {[%clk 1:35:02]} 13. f5 {[%clk 1:34:14]} Nc5
{[%clk 1:34:54]} 14. Rg1 {[%clk 1:32:38]} b4 {[%clk 1:33:39]} 15. Nce2
{[%clk 1:32:29]} Bb7 {[%clk 1:29:15]} 16. fxe6 {[%clk 1:28:26]} O-O
{[%clk 1:27:41]} 17. Ng3 {[%clk 0:57:18]} fxe6 {[%clk 1:22:11]} 18. Qe2
{[%clk 0:45:14]} Bxg5+ {[%clk 1:17:20]} 19. Kb1 {[%clk 0:45:42]} Bf6
{[%clk 1:16:01]} 20. Bh3 {[%clk 0:43:57]} Bxd4 {[%clk 1:06:44]} 21. Rxd4
{[%clk 0:44:05]} a5 {[%clk 1:07:06]} 22. Rgd1 {[%clk 0:37:24]} d5
{[%clk 1:01:22]} 23. exd5 {[%clk 0:32:56]} Bxd5 {[%clk 1:01:24]} 24. Bg2
{[%clk 0:32:55]} Bxg2 {[%clk 1:00:00]} 25. Qxg2 {[%clk 0:33:24]} Rad8
{[%clk 0:59:10]} 26. Qd2 {[%clk 0:32:02]} Rxd4 {[%clk 0:57:49]} 27. Qxd4
{[%clk 0:32:30]} Rf7 {[%clk 0:54:18]} 28. Qc4 {[%clk 0:27:04]} Rd7
{[%clk 0:53:47]} 29. Rxd7 {[%clk 0:25:26]} Qxd7 {[%clk 0:54:09]} 30. b3
{[%clk 0:24:41]} Qd1+ {[%clk 0:47:13]} 31. Kb2 {[%clk 0:25:10]} Qd5
{[%clk 0:47:14]} 32. Qb5 {[%clk 0:20:10]} h6 {[%clk 0:46:54]} 33. Qe8+
{[%clk 0:13:50]} Kh7 {[%clk 0:47:12]} 34. Kb1 {[%clk 0:12:26]} Qd1+
{[%clk 0:45:25]} 35. Kb2 {[%clk 0:12:55]} Qd4+ {[%clk 0:45:47]} 36. Kb1
{[%clk 0:13:14]} Qg1+ {[%clk 0:46:08]} 37. Kb2 {[%clk 0:12:25]} Qxh2
{[%clk 0:40:54]} 38. Nh5 {[%clk 0:10:08]} Qe5+ {[%clk 0:41:00]} 39. Kb1
{[%clk 0:08:46]} Ne4 {[%clk 0:41:02]} 40. Qf7 {[%clk 0:37:33]} Nd2+ 0-1

[Event "World Chess Olympiad 2018"]
[Site "Batumi"]
[Date "2018.09.27"]
[Round "4"]
[Board "2"]
[WhiteFideId "14800063"]
[White "Abrantes Persson"]
[BlackFideId "8800871"]
[Black "Gontcharov Serguei"]
[Result "0-1"]
[LiveChessVersion "1.4.8"]
[BlackElo "1875"]
[WhiteElo "2055"]

1. Nf3 {[%clk 1:30:47]} Nf6 {[%clk 1:30:54]} 2. g3 {[%clk 1:31:07]} c5
{[%clk 1:30:51]} 3. Bg2 {[%clk 1:31:26]} Nc6 {[%clk 1:31:02]} 4. d3
{[%clk 1:31:52]} d5 {[%clk 1:30:46]} 5. h3 {[%clk 1:32:11]} e5 {[%clk 1:30:02]}
6. O-O {[%clk 1:26:53]} Be7 {[%clk 1:24:49]} 7. Bg5 {[%clk 1:26:31]} h6
{[%clk 1:23:52]} 8. Bd2 {[%clk 1:26:54]} Be6 {[%clk 1:22:21]} 9. Nc3
{[%clk 1:23:28]} d4 {[%clk 1:13:46]} 10. Nb5 {[%clk 1:21:02]} Rc8
{[%clk 1:09:33]} 11. c4 {[%clk 1:17:02]} a6 {[%clk 1:07:21]} 12. Na3
{[%clk 1:17:19]} O-O {[%clk 1:04:07]} 13. Qc1 {[%clk 1:16:48]} Re8
{[%clk 0:53:00]} 14. Nh4 {[%clk 1:04:53]} Bf8 {[%clk 0:44:20]} 15. Nc2
{[%clk 0:59:16]} Bd7 {[%clk 0:34:16]} 16. e4 {[%clk 0:55:18]} b5 {[%clk 0:31:46]}
17. cxb5 {[%clk 0:51:16]} axb5 {[%clk 0:32:03]} 18. f4 {[%clk 0:51:26]} exf4
{[%clk 0:26:10]} 19. Bxf4 {[%clk 0:51:47]} g5 {[%clk 0:18:15]} 20. Bxg5
{[%clk 0:52:14]} hxg5 {[%clk 0:18:37]} 21. Qxg5+ {[%clk 0:52:39]} Bg7
{[%clk 0:18:58]} 22. Rf5 {[%clk 0:39:42]} Nh7 {[%clk 0:14:03]} 23. Qh5
{[%clk 0:29:18]} Bxf5 {[%clk 0:12:46]} 24. Nxf5 {[%clk 0:29:44]} Re5
{[%clk 0:07:58]} 25. h4 {[%clk 0:28:51]} Qf6 {[%clk 0:06:06]} 26. Bh3
{[%clk 0:27:51]} Rc7 {[%clk 0:06:18]} 27. Rf1 {[%clk 0:23:54]} Qg6
{[%clk 0:06:37]} 28. Qf3 {[%clk 0:23:39]} Nf6 {[%clk 0:03:30]} 29. g4
{[%clk 0:23:30]} Ne7 {[%clk 0:02:42]} 30. g5 {[%clk 0:15:24]} Nxf5
{[%clk 0:03:02]} 31. Bxf5 {[%clk 0:12:25]} Qh5 {[%clk 0:03:17]} 32. Qg3
{[%clk 0:09:20]} Nh7 {[%clk 0:02:19]} 33. Ne1 {[%clk 0:07:30]} Ree7
{[%clk 0:02:22]} 34. Ng2 {[%clk 0:07:39]} Be5 {[%clk 0:02:26]} 35. Nf4
{[%clk 0:07:40]} Bxf4 {[%clk 0:02:51]} 36. Qxf4 {[%clk 0:07:39]} Nf8
{[%clk 0:03:09]} 37. Kg2 {[%clk 0:04:31]} Ng6 {[%clk 0:03:02]} 38. Bxg6
{[%clk 0:04:38]} Qxg6 {[%clk 0:03:02]} 39. Qg4 {[%clk 0:04:33]} Qe6
{[%clk 0:02:33]} 40. Rf5 {[%clk 0:34:42]} Qg6 {[%clk 0:31:04]} 41. Rf6
{[%clk 0:34:19]} Qg7 {[%clk 0:23:30]} 42. Qf4 {[%clk 0:33:06]} Rb7
{[%clk 0:17:41]} 43. h5 {[%clk 0:29:15]} Re6 {[%clk 0:15:55]} 44. e5
{[%clk 0:19:40]} Rxf6 {[%clk 0:14:59]} 45. exf6 {[%clk 0:20:07]} Qh7
{[%clk 0:08:38]} 46. Qf3 {[%clk 0:15:10]} Rb8 {[%clk 0:06:56]} 47. Kf2
{[%clk 0:11:10]} Rf8 {[%clk 0:05:28]} 48. b3 {[%clk 0:03:12]} c4 {[%clk 0:04:53]}
49. bxc4 {[%clk 0:03:36]} bxc4 {[%clk 0:05:19]} 50. Qg4 {[%clk 0:02:16]} Qxd3
{[%clk 0:05:28]} 51. g6 {[%clk 0:02:46]} fxg6 {[%clk 0:03:51]} 52. Qe6+
{[%clk 0:03:09]} Kh8 {[%clk 0:04:04]} 53. Qd6 {[%clk 0:02:52]} Qf5+
{[%clk 0:04:13]} 0-1

[Event "World Chess Olympiad 2018"]
[Site "Batumi"]
[Date "2018.09.27"]
[Round "4"]
[Board "3"]
[WhiteFideId "8800170"]
[White "Lill Sami"]
[BlackFideId "14800276"]
[Black "Chunguane Ilidio Alberto"]
[Result "0-1"]
[LiveChessVersion "1.4.8"]
[BlackElo "2054"]
[WhiteElo "1844"]

1. c4 {[%clk 1:30:53]} Nf6 {[%clk 1:29:43]} 2. Nc3 {[%clk 1:31:16]} c6
{[%clk 1:29:33]} 3. Nf3 {[%clk 1:31:28]} d5 {[%clk 1:29:03]} 4. e3
{[%clk 1:31:26]} Bg4 {[%clk 1:26:25]} 5. d4 {[%clk 1:30:12]} e6 {[%clk 1:26:18]}
6. c5 {[%clk 1:24:01]} Be7 {[%clk 1:24:34]} 7. Bd3 {[%clk 1:24:17]} O-O
{[%clk 1:24:51]} 8. Qc2 {[%clk 1:21:53]} b6 {[%clk 1:22:17]} 9. Ne5
{[%clk 1:17:18]} Bh5 {[%clk 1:22:20]} 10. b4 {[%clk 1:17:35]} a5 {[%clk 1:22:37]}
11. Ba3 {[%clk 1:12:48]} Bg6 {[%clk 1:20:11]} 12. Nxg6 {[%clk 1:07:29]} fxg6
{[%clk 1:17:56]} 13. h3 {[%clk 1:04:52]} Nbd7 {[%clk 1:16:26]} 14. f4
{[%clk 0:58:52]} axb4 {[%clk 1:15:27]} 15. Bxb4 {[%clk 0:58:17]} bxc5
{[%clk 1:15:32]} 16. dxc5 {[%clk 0:56:29]} Nxc5 {[%clk 1:14:15]} 17. Bxc5
{[%clk 0:50:01]} Bxc5 {[%clk 1:14:35]} 18. Ke2 {[%clk 0:44:00]} Bxe3
{[%clk 1:05:29]} 19. Kxe3 {[%clk 0:43:23]} d4+ {[%clk 1:03:03]} 20. Ke2
{[%clk 0:40:54]} dxc3 {[%clk 1:03:11]} 21. Rhf1 {[%clk 0:36:08]} Qd4
{[%clk 1:00:07]} 22. Rf3 {[%clk 0:35:00]} Nd5 {[%clk 1:00:18]} 23. Rd1
{[%clk 0:26:51]} Nxf4+ {[%clk 0:44:12]} 24. Kf1 {[%clk 0:24:47]} Nxd3
{[%clk 0:43:11]} 25. Rdxd3 {[%clk 0:24:01]} Rxf3+ {[%clk 0:41:10]} 26. gxf3
{[%clk 0:22:26]} Rxa2 {[%clk 0:39:23]} 27. Rxd4 {[%clk 0:19:03]} Rxc2
{[%clk 0:39:01]} 28. Rc4 {[%clk 0:19:12]} Rc1+ {[%clk 0:38:41]} 29. Ke2
{[%clk 0:18:02]} c2 {[%clk 0:36:34]} 30. Kd2 {[%clk 0:16:58]} Rh1
{[%clk 0:36:03]} 31. Kxc2 {[%clk 0:17:06]} Rxh3 {[%clk 0:36:26]} 32. Rxc6
{[%clk 0:16:37]} Rxf3 {[%clk 0:35:23]} 33. Rxe6 {[%clk 0:16:50]} g5
{[%clk 0:35:18]} 34. Kd2 {[%clk 0:15:51]} g4 {[%clk 0:34:11]} 35. Ke2
{[%clk 0:15:27]} h5 {[%clk 0:34:01]} 36. Re5 {[%clk 0:15:28]} g6 {[%clk 0:34:24]}
37. Re7 {[%clk 0:15:31]} Rf6 {[%clk 0:33:59]} 38. Ke3 {[%clk 0:15:17]} g3
{[%clk 0:33:09]} 0-1

[Event "World Chess Olympiad 2018"]
[Site "Batumi"]
[Date "2018.09.27"]
[Round "4"]
[Board "4"]
[WhiteFideId "14800500"]
[White "Gafar Izdine"]
[BlackFideId "8800936"]
[Black "Cabral Daniel"]
[Result "1-0"]
[LiveChessVersion "1.4.8"]
[BlackElo "1618"]
[WhiteElo "1984"]

1. e4 {[%clk 1:30:55]} c5 {[%clk 1:30:48]} 2. Nf3 {[%clk 1:31:15]} d6
{[%clk 1:31:02]} 3. d4 {[%clk 1:31:28]} cxd4 {[%clk 1:31:12]} 4. Nxd4
{[%clk 1:31:48]} Nf6 {[%clk 1:31:25]} 5. Nc3 {[%clk 1:31:46]} a6 {[%clk 1:31:33]}
6. Be3 {[%clk 1:32:00]} e5 {[%clk 1:31:33]} 7. Nf3 {[%clk 1:31:49]} Qc7
{[%clk 1:27:51]} 8. h3 {[%clk 1:31:48]} b5 {[%clk 1:16:50]} 9. a3
{[%clk 1:31:33]} Bb7 {[%clk 1:16:00]} 10. Bd3 {[%clk 1:31:47]} Nbd7
{[%clk 1:15:47]} 11. O-O {[%clk 1:31:47]} Nc5 {[%clk 1:14:06]} 12. Nd2
{[%clk 1:29:50]} Be7 {[%clk 1:10:15]} 13. Rc1 {[%clk 1:23:13]} d5
{[%clk 1:04:55]} 14. Bxc5 {[%clk 1:21:43]} Bxc5 {[%clk 1:02:15]} 15. Nxd5
{[%clk 1:22:01]} Nxd5 {[%clk 0:54:33]} 16. exd5 {[%clk 1:22:23]} Qd6
{[%clk 0:45:13]} 17. c4 {[%clk 1:21:34]} O-O {[%clk 0:37:42]} 18. Ne4
{[%clk 1:18:24]} Qb6 {[%clk 0:32:34]} 19. b4 {[%clk 1:16:38]} Be7
{[%clk 0:23:27]} 20. c5 {[%clk 1:16:26]} Qd8 {[%clk 0:21:16]} 21. c6
{[%clk 1:16:13]} Bc8 {[%clk 0:21:10]} 22. d6 {[%clk 1:16:10]} Bg5
{[%clk 0:19:02]} 23. c7 {[%clk 1:14:18]} Qe8 {[%clk 0:14:37]} 24. Nxg5
{[%clk 1:12:07]} f5 {[%clk 0:13:19]} 25. Qb3+ {[%clk 1:11:49]} Kh8
{[%clk 0:13:08]} 26. Qd5 {[%clk 1:11:09]} Bd7 {[%clk 0:11:55]} 27. Rfe1
{[%clk 1:09:01]} Qg6 {[%clk 0:07:35]} 28. Nf3 {[%clk 1:08:10]} e4
{[%clk 0:00:58]} 29. Ne5 {[%clk 1:08:18]} Qe8 {[%clk 0:01:12]} 30. Nxd7
{[%clk 1:08:24]} Qxd7 {[%clk 0:01:33]} 31. Bb1 {[%clk 1:08:24]} Rae8
{[%clk 0:00:36]} 32. Qc6 {[%clk 1:08:27]} Qe6 {[%clk 0:00:35]} 33. d7
{[%clk 1:08:21]} Qxc6 {[%clk 0:00:35]} 34. Rxc6 {[%clk 1:08:42]} 1-0

[Event "World Chess Olympiad 2018"]
[Site "Batumi"]
[Date "2018.09.27"]
[Round "4"]
[Board "1"]
[WhiteFideId "16700066"]
[White "Abdul Rahman Ali"]
[BlackFideId "20300166"]
[Black "Ntamatungiro Wilfried"]
[Result "1-0"]
[LiveChessVersion "1.4.8"]
[BlackElo "1765"]
[WhiteElo "1850"]

1. d4 {[%clk 1:30:56]} Nf6 {[%clk 1:30:53]} 2. e3 {[%clk 1:30:32]} c6
{[%clk 1:30:45]} 3. Bd3 {[%clk 1:30:36]} d6 {[%clk 1:30:50]} 4. f4
{[%clk 1:30:45]} Bg4 {[%clk 1:30:45]} 5. Nf3 {[%clk 1:30:50]} Qc7
{[%clk 1:30:45]} 6. Be2 {[%clk 1:30:17]} Nbd7 {[%clk 1:30:20]} 7. Nbd2
{[%clk 1:30:27]} e5 {[%clk 1:30:13]} 8. fxe5 {[%clk 1:30:33]} dxe5
{[%clk 1:30:16]} 9. c3 {[%clk 1:30:04]} exd4 {[%clk 1:29:16]} 10. exd4
{[%clk 1:30:02]} Bd6 {[%clk 1:28:24]} 11. Nc4 {[%clk 1:30:09]} O-O
{[%clk 1:27:03]} 12. Nxd6 {[%clk 1:30:36]} Qxd6 {[%clk 1:27:22]} 13. O-O
{[%clk 1:30:56]} Rfe8 {[%clk 1:26:52]} 14. Bd3 {[%clk 1:31:02]} h6
{[%clk 1:25:04]} 15. Qb3 {[%clk 1:30:32]} b5 {[%clk 1:19:00]} 16. Nh4
{[%clk 1:30:31]} Nd5 {[%clk 1:16:36]} 17. Bd2 {[%clk 1:30:12]} Re7
{[%clk 1:14:16]} 18. Bf5 {[%clk 1:22:29]} Be2 {[%clk 1:12:20]} 19. Rf2
{[%clk 1:22:47]} Bc4 {[%clk 1:12:42]} 20. Qc2 {[%clk 1:23:07]} Rae8
{[%clk 1:09:05]} 21. Bh7+ {[%clk 1:22:53]} Kh8 {[%clk 1:06:23]} 22. Nf5
{[%clk 1:23:15]} Ne3 {[%clk 1:00:58]} 23. Bxe3 {[%clk 1:22:27]} Qe6
{[%clk 0:51:42]} 24. Nxe7 Qxe3 25. b3 {[%clk 1:18:38]} Rxe7 {[%clk 0:46:52]} 26.
bxc4 {[%clk 1:19:05]} g6 {[%clk 0:47:07]} 27. Bxg6 fxg6 28. Qxg6 {[%clk 1:16:48]}
bxc4 {[%clk 0:44:00]} 29. Raf1 {[%clk 1:16:14]} Rg7 {[%clk 0:41:44]} 30. Qxc6 Nf8
31. Kh1 {[%clk 1:13:49]} Ng6 {[%clk 0:41:25]} 32. Qxc4 {[%clk 1:13:27]} Nh4
{[%clk 0:40:38]} 33. d5 {[%clk 1:12:47]} Qg5 {[%clk 0:39:44]} 34. Qd4
{[%clk 1:12:07]} Nf5 {[%clk 0:38:29]} 35. Qe5 {[%clk 1:11:56]} Ne3
{[%clk 0:34:00]} 36. Qxg5 {[%clk 1:11:11]} Rxg5 {[%clk 0:34:08]} 37. Rf8+
{[%clk 1:11:29]} Kg7 {[%clk 0:31:52]} 38. R1f7+ {[%clk 1:11:28]} Kg6
{[%clk 0:32:09]} 39. d6 {[%clk 1:11:42]} Rd5 {[%clk 0:32:05]} 40. Rf6+
{[%clk 1:09:32]} Kg5 {[%clk 0:23:48]} 41. h3 {[%clk 1:09:43]} Rd2
{[%clk 0:22:04]} 42. c4 {[%clk 1:09:28]} Nxc4 {[%clk 0:19:47]} 43. Rf5+
{[%clk 1:38:18]} Kg6 {[%clk 0:49:45]} 44. R8f6+ {[%clk 1:37:45]} Kg7
{[%clk 0:50:00]} 45. Rf7+ {[%clk 1:37:52]} Kg6 {[%clk 0:50:12]} 46. R5f6+
{[%clk 1:38:10]} Kg5 {[%clk 0:50:01]} 47. d7 {[%clk 1:38:23]} Nb6
{[%clk 0:47:55]} 48. Rf4 h5 49. R7f6 {[%clk 1:25:58]} h4 {[%clk 0:46:25]} 50.
R4f5# {[%clk 1:26:02]} 1-0

[Event "World Chess Olympiad 2018"]
[Site "Batumi"]
[Date "2018.09.27"]
[Round "4"]
[Board "3"]
[WhiteFideId "16700406"]
[White "Muhammed Shuaau"]
[BlackFideId "20300034"]
[Black "Ntagasigumwami Deo"]
[Result "1-0"]
[LiveChessVersion "1.4.8"]
[BlackElo "1720"]
[WhiteElo "1775"]

1. e4 {[%clk 1:30:56]} e5 {[%clk 1:30:26]} 2. Nf3 {[%clk 1:31:20]} Nc6
{[%clk 1:30:07]} 3. Bc4 {[%clk 1:31:38]} Bc5 {[%clk 1:29:18]} 4. d3
{[%clk 1:31:49]} h6 {[%clk 1:28:41]} 5. O-O {[%clk 1:31:44]} d6 {[%clk 1:28:40]}
6. Nc3 {[%clk 1:30:31]} a6 {[%clk 1:28:26]} 7. Be3 {[%clk 1:29:51]} Nd4
{[%clk 1:27:41]} 8. h3 {[%clk 1:23:51]} c6 {[%clk 1:25:42]} 9. Bxd4
{[%clk 1:21:13]} exd4 {[%clk 1:23:47]} 10. Ne2 {[%clk 1:21:28]} Qf6
{[%clk 1:22:51]} 11. Ng3 {[%clk 1:21:24]} Be6 {[%clk 1:21:16]} 12. e5
{[%clk 1:18:17]} dxe5 {[%clk 1:20:36]} 13. Nh5 {[%clk 1:17:07]} Qg6
{[%clk 1:12:39]} 14. Nxe5 {[%clk 1:16:35]} Qh7 {[%clk 1:10:49]} 15. Bxe6
{[%clk 1:15:21]} fxe6 {[%clk 1:11:04]} 16. Qg4 {[%clk 1:15:17]} Ke7
{[%clk 0:45:22]} 17. Ng6+ {[%clk 1:13:42]} Kf7 {[%clk 0:43:41]} 18. Nhf4
{[%clk 1:11:10]} Re8 {[%clk 0:41:12]} 19. Nxh8+ {[%clk 1:09:59]} Qxh8
{[%clk 0:37:45]} 20. Qg6+ {[%clk 1:10:05]} Ke7 {[%clk 0:36:07]} 21. Rae1
{[%clk 1:10:22]} Nf6 {[%clk 0:35:07]} 22. Nxe6 {[%clk 1:08:53]} Kd6 23. Qg3+ Kd7
{[%clk 0:26:09]} 24. Qc7# {[%clk 1:06:47]} 1-0